Pays d'origine des plats.#5 - Statistiques

Statistiques générales
  • Ce quiz a été pris 373 fois
  • Le résultat moyen est 4 sur 8
Statistiques - réponses
Par images Réponse % Correct
Italie
98%
Japon/Portugal
93%
Chine
87%
Allemagne
52%
Royaume-Uni
48%
Thaïlande
38%
Arabie saoudite/Yémen
10%
Philippines
5%
Aucun quiz correspondant
Distribution des résultats
% des personnes avec chaque résultat
Percentile par nombre de réponses
Votre historique - résultats
Vous n’avez pas pris ce quiz